00700 a2200169 45000010006000000050017000060080041000230030015000640400040000790800025001192450031001442500012001752640041001873000019002285050255002471000028005025668620260407155830.0260407a1968 arg spa dAR-UNSa-BCEJYS aAR-UNSa-BCEJYSbspacAR-UNSa-BCEJYS a378.4xUniversidades10aMisión de la Universidad a5a. ed. 1aMadrid :bRevista de Occidentec1968 a184 p.c18 cm. a1. La cuestión fundamental – 2. Principio de la economía de la enseñanza – 3. Lo que la Universidad tiene que ser primero. La Universidad, profesión, la ciencia – 4. Cultura y ciencia – 5. Lo que la Universidad tiene que ser además.1 aOrtega y Gasset, José